LaMelo Ball Quiz - Statistics

General Stats
  • This quiz has been taken 270 times
  • The average score is 11 of 15
Answer Stats
Team % Correct
Charlotte Hornets
99%
23
97%
67
94%
Yes
91%
1
87%
Lavar
86%
Ankle
74%
Puma
73%
Lonzo and Liangelo
72%
Rookie of the Year
67%
Australia
57%
Miles Bridges
52%
Anthony Edwards
51%
UCLA
39%
Illawarra Hawks
19%
No matching quizzes found
Score Distribution
Percent of People with Each Score
Percentile by Number Answered
Your Score History
You have not taken this quiz